000 00420nam a2200157Ia 4500
999 _c224
_d224
003 OSt
005 20210907125404.0
008 190216s9999||||xx |||||||||||||| ||und||
040 _coclc
082 _a492.70141
_bDAR/B
245 0 _aAl Bhllgatul Wadiah /
260 _bDarul Quran Ul Kareem,
_aBeirut:
300 _a304p
650 _aArabic
942 _cBK
_2ddc
_h492.70141
_iDAR/B
_k492.70141
_mDAR/B